000 00258nam a22001217a 4500
008 181107b xxu||||| |||| 00| 0 eng d
041 _aeng
080 _a101
100 _a23
101 _aFIL
245 _aPrimary Philosophy
_cScriven P
942 _2udc
_cBK
999 _c52179
_d52179